| 000 | 00688cam a22002531 4500 | ||
|---|---|---|---|
| 001 | sa 67003843 | ||
| 003 | DLC | ||
| 005 | 20260227112341.0 | ||
| 008 | 891101s1966 ii 000 0 hino | ||
| 010 | _asa 67003843 | ||
| 035 | _a(OCoLC)20582464 | ||
| 040 |
_aDLC _cWaU _dDLC |
||
| 041 | 0 | _ahinsan | |
| 042 | _apremarc | ||
| 050 | 0 | 0 |
_aPK3012 _b.S5 1966 |
| 130 | 0 |
_aVedas. _pR̥gveda. _kSelections. |
|
| 245 | 1 | 0 | _aR̥k-sūkta-saṅgrahaḥ. |
| 260 | _c1966. | ||
| 300 |
_a2, 75, 347 p. _c22 cm. |
||
| 500 | _aHindi and Sanskrit; introd. and notes in Hindi. | ||
| 600 | 0 | 0 |
_aSāyaṇa, _d-1387. |
| 700 | 1 |
_aPeterson, Peter, _d1847-1899. |
|
| 700 | 1 |
_aŚāstrī, Haridatta, _d1905- |
|
| 999 |
_c74115 _d74115 |
||